[Event "Mumbai Chess Capital op"]
[Site "Mumbai"]
[Date "2019.06.30"]
[Round "4"]
[White "Dharia, Vishal"]
[Black "Pangshe, Laukik"]
[Result "1/2-1/2"]
[WhiteElo "1395"]
[BlackElo "1418"]
[PlyCount "61"]
[EventDate "2019.06.29"]
[EventType "swiss"]
[EventRounds "7"]
[EventCountry "IND"]
[SourceTitle "CBM 191 Extra"]
[Source "ChessBase"]
[SourceDate "2019.09.30"]
[SourceVersion "1"]
[SourceVersionDate "2019.09.30"]
[SourceQuality "1"]

1. c4 c5 2. Nc3 Nc6 3. g3 g6 4. Bg2 Bg7 5. e3 e6 6. Nge2 Nge7 7. b3 0-0 8. 0-0 d6 9. Bb2 f5 10. d4 e5 11. dxc5 dxc5 12. Nd5 e4 13. Bxg7 Kxg7 14. Nef4 g5 15. Nxe7 Nxe7 16. Nd5 Nxd5 17. cxd5 Bd7 18. Qd2 Bb5 19. Rfd1 b6 20. b4 Bd3 21. bxc5 Qxd5 22. Qxd3 Qxd3 23. Rxd3 exd3 24. Bxa8 Rxa8 25. Rd1 Rd8 26. cxb6 axb6 27. Kf1 Kf6 28. Ke1 Ke5 29. f3 h5 30. Kd2 Ra8 31. Kxd3 1/2-1/2

[Event "Mumbai Chess Capital op"]
[Site "Mumbai"]
[Date "2019.06.30"]
[Round "5"]
[White "Pangshe, Laukik"]
[Black "Mahajan, Ravinder"]
[Result "1-0"]
[WhiteElo "1418"]
[BlackElo "1263"]
[PlyCount "87"]
[EventDate "2019.06.29"]
[EventType "swiss"]
[EventRounds "7"]
[EventCountry "IND"]
[SourceTitle "CBM 191 Extra"]
[Source "ChessBase"]
[SourceDate "2019.09.30"]
[SourceVersion "1"]
[SourceVersionDate "2019.09.30"]
[SourceQuality "1"]

1. e4 e5 2. Bc4 Nc6 3. Nf3 Be7 4. d4 exd4 5. c3 d6 6. cxd4 Bg4 7. Qb3 Na5 8. Qa4+ c6 9. Bd3 b5 10. Qc2 Bd7 11. Bf4 Nb7 12. 0-0 Nf6 13. Re1 Nh5 14. Bg3 Nxg3 15. hxg3 Qc7 16. Bxb5 0-0 17. Bd3 h6 18. Nc3 Bg4 19. Nd5 Qd7 20. Qxc6 Bd8 21. Bb5 Qxc6 22. Bxc6 Rb8 23. b4 a6 24. Re3 Bg5 25. Nxg5 hxg5 26. f3 Bc8 27. Ne7+ Kh7 28. Kf2 g6 29. a3 Nd8 30. d5 Bb7 31. Rc3 Kg7 32. Rac1 Kf6 33. Bxb7 Rxb7 34. Nc6 Nxc6 35. Rxc6 Ke5 36. Ke3 a5 37. f4+ gxf4+ 38. gxf4+ Kf6 39. g4 axb4 40. axb4 Rxb4 41. e5+ Ke7 42. Rc7+ Ke8 43. Rc8+ Ke7 44. R1c7# 1-0